000
00330nam a2200133Ia 4500
008
220216s9999 xx 000 0 und d
100
_a
Hastings J D
245
0
_a
Peptorub - An improved natural rubber
260
_b
Planters Bulletin
_c
1964
300
_a
176-186
650
_a
Natural rubber
650
_a
Peptorub
942
_c
JS
999
_c
64672
_d
64672